000 00489nam a2200181Ia 4500
005 20250326124254.0
008 250326s9999 xx 000 0 und d
037 _aTextbook
040 _aFMSL
_beng
_cFMSL
041 _aeng
_2eng
084 _aX:517 L9
_qFMSL
100 _aGoyal S K
245 0 _aMonopoly capital and public policy
_cGoyal S K
260 _aNew Delhi
_bNew Delhi, Allied
_c1979
300 _a146p
942 _cTB
_hX:517 L9
999 _c1273039
_d1273039